000 00959nam a2200277Ia 4500
003 OSt
005 20221005104310.0
006 a|||||r|||| 00| 0
007 ta
008 221004b |||||||| |||| 00| 0 hin d
020 _a9788173156281 (hbk)
_cINR 350.00
024 _a37140
037 _b1710, 17/03/2018, Pegasus Marketing India
_cTextual
040 _aCRL
_cCRL
_bhin
041 _2hin
_ahin
082 _aO152,3N24,GH, Q5
100 _aशर्मा, मनु, ले.
245 0 _aघरौंदा
246 _aGharauandā
260 _aदिल्ली
_bप्रभात प्रकाशन भारत
_c2015
300 _a262पृ0
_ccm.
650 _a हिन्दी साहित्य
650 _aहिन्दी कहानी
942 _hO152,3N24,GH, Q5
_cTEXL
_2cc
999 _c1012313
_d1012313